| 000 | 00723nam a22002415a 4500 | ||
|---|---|---|---|
| 001 | 4714467 | ||
| 005 | 20150816142000.0 | ||
| 008 | 830602t1984 nyua b 001 0 eng d | ||
| 020 | _a0070280487 | ||
| 040 |
_aEG-ScBUE _beng _cEG-ScBUE |
||
| 082 | 0 | 4 |
_a620.1126 _bHEL _222 |
| 100 | 1 |
_aHellan, Kåre, _d1933- _97008 |
|
| 245 | 1 | 0 |
_aIntroduction to fracture mechanics / _cKåre Hellan. |
| 260 |
_aNew York : _bMcGraw-Hill, _cc.1984. |
||
| 300 |
_ax, 302 p. : _bill. ; _c24 cm. |
||
| 500 | _aIndex : p. 295-302 | ||
| 504 | _aBibliography : p. 263-291. | ||
| 650 | 0 |
_aFracture mechanics. _2BUEsh _97009 |
|
| 651 | _2BUEsh | ||
| 653 |
_bENGMEC _cAugust2015 |
||
| 655 |
_vreading book _934232 |
||
| 942 |
_2ddc _cBB _k620.1126 HEL |
||
| 999 |
_c11847 _d11847 |
||